[Event "Plzen, FSB A"]
[Site "?"]
[Date "2004.??.??"]
[Round "6.47"]
[White "Reitingerova, I."]
[Black "Vinklarek, O."]
[Result "1/2-1/2"]
[WhiteElo "1841"]
[BlackElo "2044"]
[PlyCount "67"]
[EventDate "2004.??.??"]
[Source "ChessBase"]
[SourceDate "1996.11.15"]

1. e4 c5 2. Nf3 Nc6 3. d4 cxd4 4. Nxd4 Nf6 5. Nc3 e5 6. Ndb5 d6 7. Be3 a6 8.
Na3 b5 9. Nd5 Nxd5 10. Qxd5 Bb7 11. Qd2 Be7 12. Be2 O-O 13. O-O Na5 14. f3 Rc8
15. Rfd1 Kh8 16. g4 Qc7 17. c4 Nxc4 18. Bxc4 bxc4 19. Rac1 d5 20. exd5 Bxa3 21.
bxa3 Rfd8 22. Qc3 Rxd5 23. Rxd5 Bxd5 24. Kf2 Qe7 25. Kg3 f6 26. Rb1 Qc7 27. Rb6
Qd7 28. Rxa6 Bxf3 29. h3 Qd1 30. Rb6 Qe2 31. Rb2 Qd1 32. Rd2 Qh1 33. Rh2 Qd1
34. Rd2 1/2-1/2

[Event "Plzen, FSB A"]
[Site "?"]
[Date "2004.??.??"]
[Round "6.48"]
[White "Svoboda, J."]
[Black "Sladek, J."]
[Result "1-0"]
[WhiteElo "1769"]
[BlackElo "2042"]
[PlyCount "75"]
[EventDate "2004.??.??"]
[Source "ChessBase"]
[SourceDate "1996.11.15"]

1. c4 e6 2. Nc3 d5 3. cxd5 exd5 4. d4 c6 5. Qc2 Nf6 6. Nf3 Bg4 7. Ne5 Bh5 8.
Bg5 Be7 9. Qf5 Bg6 10. Nxg6 hxg6 11. Qc2 Ng4 12. Bxe7 Qxe7 13. h3 Qh4 14. g3
Qf6 15. e3 Qd6 16. Bg2 Nf6 17. O-O-O O-O 18. h4 Nbd7 19. f4 Rfe8 20. Qe2 Re7
21. g4 Rae8 22. Rh3 Rxe3 23. Rxe3 Qxf4 24. Rdd3 Nxg4 25. Qxg4 Qxg4 26. Rxe8+
Kh7 27. Bh3 Qf4+ 28. Kc2 f5 29. Re7 Qd6 30. Rde3 b5 31. h5 Qh2+ 32. Kb3 Nb6 33.
hxg6+ Kxg6 34. R3e6+ Kh5 35. Bxf5 Nc4 36. Re2 Qd6 37. Rxg7 a5 38. Rh2+ 1-0

[Event "Plzen, FSB A"]
[Site "?"]
[Date "2004.??.??"]
[Round "6.49"]
[White "Goldobin, T."]
[Black "Vojir sr., V."]
[Result "1-0"]
[WhiteElo "2027"]
[BlackElo "1721"]
[PlyCount "67"]
[EventDate "2004.??.??"]
[Source "ChessBase"]
[SourceDate "1996.11.15"]

1. Nf3 d6 2. b3 e5 3. e4 Bg4 4. Bb2 Nf6 5. h3 Bh5 6. g4 Bg6 7. d3 h6 8. Bg2 Nc6
9. Nc3 Bh7 10. O-O Be7 11. Re1 O-O 12. d4 exd4 13. Nxd4 Nxd4 14. Qxd4 Qc8 15.
Nd5 Bd8 16. f4 Ne8 17. Kh2 a6 18. c4 Rb8 19. Rac1 b6 20. e5 c6 21. Ne3 dxe5 22.
fxe5 Bc7 23. Kh1 Qe6 24. Bd5 cxd5 25. cxd5 Qg6 26. Nf5 Kh8 27. Ba3 Rg8 28. Ne7
Qd3 29. Qxd3 Bxd3 30. Nxg8 Kxg8 31. d6 Bd8 32. d7 Nc7 33. Bd6 Rb7 34. Bxc7 1-0

[Event "Plzen, FSB A"]
[Site "?"]
[Date "2004.??.??"]
[Round "6.50"]
[White "Zimmer, C."]
[Black "Steinhauser, D."]
[Result "1/2-1/2"]
[WhiteElo "2020"]
[BlackElo "1753"]
[PlyCount "46"]
[EventDate "2004.??.??"]
[Source "ChessBase"]
[SourceDate "1996.11.15"]

1. c4 Nc6 2. Nc3 e5 3. g3 g6 4. Bg2 Bg7 5. Nf3 Nge7 6. d3 d6 7. O-O O-O 8. a3
a5 9. Bg5 f6 10. Bd2 f5 11. Qc1 g5 12. e3 Ng6 13. Ne2 a4 14. Ne1 Na5 15. Bxa5
Rxa5 16. Qd2 Ra6 17. Nc3 f4 18. Qd1 Qd7 19. Bd5+ Kh8 20. Be4 Ne7 21. Rb1 Nf5
22. exf4 gxf4 23. gxf4 exf4 1/2-1/2

[Event "Plzen, FSB A"]
[Site "?"]
[Date "2004.??.??"]
[Round "6.51"]
[White "Woudstra, W."]
[Black "Voglova, E."]
[Result "1/2-1/2"]
[WhiteElo "1781"]
[BlackElo "1988"]
[PlyCount "55"]
[EventDate "2004.??.??"]
[Source "ChessBase"]
[SourceDate "1996.11.15"]

1. d4 d5 2. Nf3 Nf6 3. c4 c6 4. Nc3 dxc4 5. a4 Bf5 6. e3 e6 7. Bxc4 Bb4 8. O-O
O-O 9. Qe2 Ne4 10. Nxe4 Bxe4 11. Rd1 Qb6 12. Ne5 c5 13. dxc5 Bxc5 14. b3 Rd8
15. Bb2 Nc6 16. Nd7 Qa5 17. Nxc5 Qxc5 18. Qg4 Bg6 19. Qg3 Rac8 20. Rxd8+ Rxd8
21. Qc7 Qe7 22. Qxe7 Nxe7 23. Bc3 a6 24. Kf1 Bd3+ 25. Bxd3 Rxd3 26. Rc1 f6 27.
Ke2 Rd7 28. e4 1/2-1/2

[Event "Plzen, FSB A"]
[Site "?"]
[Date "2004.??.??"]
[Round "6.52"]
[White "Vlcek, J."]
[Black "Hava, P."]
[Result "1-0"]
[WhiteElo "1976"]
[BlackElo "1770"]
[PlyCount "41"]
[EventDate "2004.??.??"]
[Source "ChessBase"]
[SourceDate "1996.11.15"]

1. d4 d5 2. c4 c6 3. Nf3 f5 4. Ne5 e6 5. e3 Nf6 6. Nc3 Bd6 7. Be2 O-O 8. cxd5
exd5 9. O-O Nbd7 10. f4 Ne4 11. Nxe4 fxe4 12. Bg4 Nf6 13. Bxc8 Rxc8 14. Bd2 Qb6
15. b4 Qd8 16. Rc1 Qe7 17. a3 Kh8 18. Be1 Qe6 19. Qe2 Rg8 20. Bh4 Be7 21. f5
1-0

[Event "Plzen, FSB A"]
[Site "?"]
[Date "2004.??.??"]
[Round "6.53"]
[White "Steinhauser, F."]
[Black "Vojir jr., V."]
[Result "1/2-1/2"]
[WhiteElo "1775"]
[BlackElo "1863"]
[PlyCount "67"]
[EventDate "2004.??.??"]
[Source "ChessBase"]
[SourceDate "1996.11.15"]

1. e4 c6 2. d4 d5 3. exd5 cxd5 4. c4 Nf6 5. Nc3 g6 6. Qb3 Bg7 7. cxd5 O-O 8.
Be2 Nbd7 9. Bf3 Nb6 10. Nge2 Bg4 11. Bxg4 Nxg4 12. O-O Qd7 13. Bg5 Nf6 14. Rad1
Nbxd5 15. Rd3 e6 16. Ng3 Rac8 17. Nge4 Nxe4 18. Nxe4 b6 19. Qd1 Rc7 20. Qd2
Rfc8 21. Nc3 Nb4 22. Ne4 Nxd3 23. Nf6+ Bxf6 24. Bxf6 Qe8 25. Qxd3 Qf8 26. Qf3
h6 27. Be5 Rc2 28. Qf6 Kh7 29. h3 b5 30. a3 a5 31. Rd1 Rc1 32. Rxc1 Rxc1+ 33.
Kh2 b4 34. axb4 1/2-1/2

[Event "Plzen, FSB A"]
[Site "?"]
[Date "2004.??.??"]
[Round "6.54"]
[White "Kovarik, J."]
[Black "Bonetti, C."]
[Result "1-0"]
[WhiteElo "1959"]
[BlackElo "2032"]
[PlyCount "25"]
[EventDate "2004.??.??"]
[Source "ChessBase"]
[SourceDate "1996.11.15"]

1. e4 e6 2. d4 d5 3. e5 c5 4. c3 Qb6 5. Nf3 Nc6 6. a3 Nh6 7. Bd3 cxd4 8. cxd4
Bd7 9. Bc2 Rc8 10. Nc3 g6 11. O-O Bg7 12. Na4 O-O 13. Nxb6 1-0

[Event "Plzen, FSB A"]
[Site "?"]
[Date "2004.??.??"]
[Round "7.1"]
[White "Fiala, R."]
[Black "Berescu, A."]
[Result "1/2-1/2"]
[WhiteElo "2324"]
[BlackElo "2404"]
[PlyCount "30"]
[EventDate "2004.??.??"]
[Source "ChessBase"]
[SourceDate "1996.11.15"]

1. e4 e6 2. d4 d5 3. Nc3 Bb4 4. Bd3 dxe4 5. Bxe4 Nf6 6. Bf3 c5 7. a3 Bxc3+ 8.
bxc3 Nc6 9. Ne2 O-O 10. O-O Qe7 11. a4 Rd8 12. Ba3 Ne5 13. Nf4 Nxf3+ 14. Qxf3
Qc7 15. Bxc5 Nd5 1/2-1/2

[Event "Plzen, FSB A"]
[Site "?"]
[Date "2004.??.??"]
[Round "7.2"]
[White "Zawadzki, S."]
[Black "Hagarova, Z."]
[Result "1/2-1/2"]
[WhiteElo "2428"]
[BlackElo "2330"]
[PlyCount "69"]
[EventDate "2004.??.??"]
[Source "ChessBase"]
[SourceDate "1996.11.15"]

1. e4 c5 2. Nf3 Nc6 3. Nc3 e5 4. Bc4 d6 5. d3 Be7 6. O-O h6 7. Ne1 Bg5 8. f4
exf4 9. Bxf4 Bxf4 10. Rxf4 Ne5 11. Bb5+ Bd7 12. Bxd7+ Qxd7 13. Rf1 Ne7 14. Nf3
O-O 15. Qd2 N5g6 16. Rae1 Rad8 17. d4 Rfe8 18. Qf2 b6 19. h3 Nc6 20. Nd5 Nxd4
21. Nxd4 cxd4 22. Qxd4 Qc6 23. c3 Re6 24. a4 Qb7 25. Re3 Rde8 26. Rfe1 Re5 27.
b3 Kh7 28. c4 Qc6 29. Qc3 Qd7 30. Kh1 Qb7 31. Qb4 Qd7 32. Qd2 Qb7 33. Qb4 Qd7
34. Qd2 Qb7 35. Qb4 1/2-1/2

[Event "Plzen, FSB A"]
[Site "?"]
[Date "2004.??.??"]
[Round "7.3"]
[White "Michalek, J."]
[Black "Cvek, R."]
[Result "0-1"]
[WhiteElo "2377"]
[BlackElo "2461"]
[PlyCount "100"]
[EventDate "2004.??.??"]
[Source "ChessBase"]
[SourceDate "1996.11.15"]

1. e4 c5 2. Nf3 Nc6 3. d4 cxd4 4. Nxd4 Nf6 5. Nc3 d6 6. Bc4 e6 7. Bb3 Be7 8.
Be3 O-O 9. Rg1 Qa5 10. Qd2 Nxd4 11. Bxd4 b5 12. g4 b4 13. g5 bxc3 14. Bxc3 Nxe4
15. Bxa5 Nxd2 16. Kxd2 Rb8 17. Bc3 Rb5 18. h4 Rf5 19. Bd4 a5 20. c3 Bd7 21. Bc2
Rf4 22. Rh1 Rxh4 23. Rxh4 Bxg5+ 24. f4 Bxh4 25. Rh1 g5 26. Bxh7+ Kxh7 27. fxg5
Kg6 28. Rxh4 Kxg5 29. Rh8 Rxh8 30. Bxh8 e5 31. c4 Kf5 32. Bg7 Ke6 33. b3 f5 34.
Bf8 f4 35. Bh6 Bc6 36. Bg5 Kd7 37. Kc3 Bg2 38. Bh4 Bc6 39. a4 d5 40. cxd5 Bxd5
41. b4 axb4+ 42. Kxb4 Ke6 43. Kc3 Kf5 44. Bd8 Kg4 45. Kd2 Kf3 46. Bb6 Bb7 47.
Ke1 e4 48. a5 e3 49. Bd8 Ba6 50. Bg5 Ke4 0-1

[Event "Plzen, FSB A"]
[Site "?"]
[Date "2004.??.??"]
[Round "7.4"]
[White "Novak, P."]
[Black "Gajewski, G."]
[Result "1-0"]
[WhiteElo "2323"]
[BlackElo "2439"]
[PlyCount "95"]
[EventDate "2004.??.??"]
[Source "ChessBase"]
[SourceDate "1996.11.15"]

1. e4 c5 2. Nf3 e6 3. d4 cxd4 4. Nxd4 a6 5. Nc3 b5 6. Bd3 Qb6 7. Be3 Bc5 8. Be2
Nc6 9. Nxc6 dxc6 10. Bxc5 Qxc5 11. Qd3 Nf6 12. O-O-O Ke7 13. f4 e5 14. Qg3 Be6
15. fxe5 Nd7 16. Bg4 Nxe5 17. Bxe6 Kxe6 18. Rhf1 Rag8 19. Rf5 f6 20. b4 Qa7 21.
Rxe5+ fxe5 22. Qg4+ Ke7 23. Qg5+ Ke8 24. Qd8+ Kf7 25. Rd7+ Kg6 26. Qe7 Qe3+ 27.
Kb2 Qf4 28. Ne2 Qg5 29. Qf7+ Kh6 30. Rd3 Qxg2 31. Qe6+ g6 32. Rh3+ Qxh3 33.
Qxh3+ Kg5 34. Qe6 Re8 35. Qxc6 Rhf8 36. Qxa6 h5 37. Qxb5 Kg4 38. Qd7+ Kh4 39.
a4 g5 40. a5 g4 41. a6 Kh3 42. Qd3+ Kg2 43. b5 h4 44. b6 g3 45. hxg3 hxg3 46.
Qxg3+ Kf1 47. b7 Rf7 48. Qg6 1-0

[Event "Plzen, FSB A"]
[Site "?"]
[Date "2004.??.??"]
[Round "7.5"]
[White "Plischki, S."]
[Black "Neuman, P."]
[Result "1/2-1/2"]
[WhiteElo "2325"]
[BlackElo "2428"]
[PlyCount "22"]
[EventDate "2004.??.??"]
[Source "ChessBase"]
[SourceDate "1996.11.15"]

1. d4 Nf6 2. c4 c5 3. d5 e5 4. Nc3 d6 5. e4 Be7 6. h3 O-O 7. Be3 Ne8 8. Qd2 g6
9. g4 Ng7 10. Bd3 Kh8 11. f4 exf4 1/2-1/2

[Event "Plzen, FSB A"]
[Site "?"]
[Date "2004.??.??"]
[Round "7.6"]
[White "Grunberg, M."]
[Black "Heinzel, O."]
[Result "0-1"]
[WhiteElo "2403"]
[BlackElo "2402"]
[PlyCount "120"]
[EventDate "2004.??.??"]
[Source "ChessBase"]
[SourceDate "1996.11.15"]

1. c4 c6 2. Nf3 d5 3. g3 Nf6 4. Bg2 Bf5 5. O-O e6 6. d3 h6 7. cxd5 exd5 8. Nbd2
Be7 9. Nh4 Bh7 10. e4 Nbd7 11. Nf5 Bxf5 12. exf5 O-O 13. Nf3 Re8 14. Bf4 Bf8
15. h3 Qb6 16. Qd2 a5 17. g4 Qb4 18. Qc1 Qc5 19. Qc3 a4 20. Rac1 a3 21. d4 Qb5
22. b3 Re2 23. Nd2 Bb4 24. Qc2 Ne4 25. Bxe4 dxe4 26. Rfe1 Bxd2 27. Bxd2 Nf6 28.
Rxe2 Qxe2 29. Re1 Qb5 30. Qc4 Qxc4 31. bxc4 Ra4 32. Rc1 b5 33. d5 cxd5 34. cxb5
Rd4 35. Be3 Rb4 36. b6 Nd7 37. Rc6 d4 38. Bxd4 Rxd4 39. Rc8+ Kh7 40. Rd8 Ne5
41. Rxd4 Nf3+ 42. Kf1 Nxd4 43. Ke1 Kg8 44. Kd2 Kf8 45. Kc3 Nc6 46. Kb3 Ke7 47.
Kxa3 Kd6 48. Kb3 Kc5 49. Kc3 Kxb6 50. Kc4 Ne5+ 51. Kd4 Nf3+ 52. Kxe4 Ng5+ 53.
Kf4 Nxh3+ 54. Kg3 Ng5 55. Kh4 Ne4 56. f4 Kc5 57. a4 Kd5 58. a5 Nc5 59. f6 g6
60. g5 hxg5+ 0-1

[Event "Plzen, FSB A"]
[Site "?"]
[Date "2004.??.??"]
[Round "7.7"]
[White "Jurek, J."]
[Black "Cernousek, L."]
[Result "1/2-1/2"]
[WhiteElo "2387"]
[BlackElo "2378"]
[PlyCount "107"]
[EventDate "2004.??.??"]
[Source "ChessBase"]
[SourceDate "1996.11.15"]

1. Nf3 d5 2. c4 d4 3. e3 Nc6 4. exd4 Nxd4 5. Nxd4 Qxd4 6. Nc3 Bg4 7. Qa4+ Bd7
8. Qb3 Qe5+ 9. Be2 Bc6 10. O-O Nf6 11. d3 h5 12. g3 h4 13. Bf4 Qf5 14. d4 e5
15. Bxe5 Qh3 16. d5 hxg3 17. Bxg3 Bd6 18. Rfe1 Kf8 19. Nd1 Bd7 20. Bxd6+ cxd6
21. Qxh3 Rxh3 22. Nc3 g6 23. Bf1 Rh4 24. f3 Kg7 25. Rad1 Rah8 26. Rd2 a5 27.
Ne4 Nxe4 28. Rxe4 Rxe4 29. fxe4 f6 30. b3 Re8 31. Bg2 b6 32. Kf2 Rh8 33. Kg3 g5
34. a3 Rc8 35. Rc2 Kf7 36. Bf3 Rh8 37. Bg2 Rc8 38. Bf1 Ra8 39. Rc3 Re8 40. Bg2
Ra8 41. Re3 Rh8 42. Bf1 Re8 43. Kf2 Rh8 44. h3 Ra8 45. Be2 Rh8 46. Kg2 Rc8 47.
Kg3 Kg6 48. Rc3 Re8 49. Bf3 Rh8 50. Bg2 Ra8 51. b4 axb4 52. axb4 Kf7 53. Bf3
Ke7 54. c5 1/2-1/2

[Event "Plzen, FSB A"]
[Site "?"]
[Date "2004.??.??"]
[Round "7.8"]
[White "Purnoch, J."]
[Black "Sikora-Lerch, J."]
[Result "0-1"]
[WhiteElo "2184"]
[BlackElo "2320"]
[PlyCount "72"]
[EventDate "2004.??.??"]
[Source "ChessBase"]
[SourceDate "1996.11.15"]

1. d4 c5 2. d5 Nf6 3. c4 e6 4. Nc3 exd5 5. cxd5 d6 6. e4 g6 7. f4 Bg7 8. Bb5+
Nfd7 9. a4 O-O 10. Nf3 Na6 11. O-O Nc7 12. Bd3 a6 13. Qe1 Nf6 14. Be3 Re8 15.
Rd1 Nfxd5 16. exd5 Bxc3 17. bxc3 Nxd5 18. Ne5 Nxe3 19. Qxe3 Qc7 20. Bc4 Be6 21.
Bxe6 Rxe6 22. Rd5 Rae8 23. Qf2 dxe5 24. Rxc5 Qd7 25. fxe5 Rxe5 26. Rxe5 Rxe5
27. h3 Qe7 28. Qa2 Re1 29. Qf2 Re3 30. Qb2 Qc5 31. Kh2 Qc7+ 32. Kh1 Rxc3 33.
Rb1 Qc6 34. Kg1 Rc2 35. Qxb7 Rc1+ 36. Kh2 Qd6+ 0-1

[Event "Plzen, FSB A"]
[Site "?"]
[Date "2004.??.??"]
[Round "7.9"]
[White "Petr, M."]
[Black "Galicek, S."]
[Result "1/2-1/2"]
[WhiteElo "2307"]
[BlackElo "2181"]
[PlyCount "100"]
[EventDate "2004.??.??"]
[Source "ChessBase"]
[SourceDate "1996.11.15"]

1. e4 c5 2. Nf3 d6 3. d4 cxd4 4. Nxd4 Nf6 5. Nc3 a6 6. f3 e6 7. Be3 b5 8. g4 b4
9. Nce2 e5 10. Nb3 Be6 11. g5 Nfd7 12. a3 Nc6 13. axb4 Nxb4 14. Na5 Qc7 15. c3
Nc6 16. Qa4 Nxa5 17. Qxa5 Qb8 18. b4 Be7 19. Ng3 Bd8 20. Qa3 O-O 21. Qc1 a5 22.
Be2 Bb6 23. Kf2 Qc7 24. Bxb6 Qxb6+ 25. Qe3 Qc7 26. Nf5 Bxf5 27. exf5 Rfc8 28.
Ra3 d5 29. f6 axb4 30. Rxa8 Rxa8 31. cxb4 Rb8 32. b5 Nb6 33. fxg7 Nc4 34. Bxc4
dxc4 35. Rb1 Qd6 36. b6 Rb7 37. Rb5 Kxg7 38. Qxe5+ Qxe5 39. Rxe5 Rxb6 40. Rc5
h6 41. h4 hxg5 42. hxg5 Rb2+ 43. Ke3 Rc2 44. Rc6 Rc1 45. Kd2 Rf1 46. Ke3 Rc1
47. f4 c3 48. Kd3 Rf1 49. Ke3 Rc1 50. Kd3 Rf1 1/2-1/2

[Event "Plzen, FSB A"]
[Site "?"]
[Date "2004.??.??"]
[Round "7.10"]
[White "Folkova, M."]
[Black "Cifka, S."]
[Result "1/2-1/2"]
[WhiteElo "2165"]
[BlackElo "2302"]
[PlyCount "79"]
[EventDate "2004.??.??"]
[Source "ChessBase"]
[SourceDate "1996.11.15"]

1. e4 e6 2. d4 d5 3. Nd2 Be7 4. e5 c5 5. Qg4 g5 6. Qh5 cxd4 7. Ndf3 Nc6 8. Nh3
Qc7 9. Nhxg5 Nxe5 10. Bb5+ Kf8 11. Nxe6+ Bxe6 12. Qxe5 Qxe5+ 13. Nxe5 Rc8 14.
Bd3 Bf6 15. Nf3 Ne7 16. Bh6+ Ke8 17. Bg5 Bg7 18. O-O-O a6 19. Rhe1 Nc6 20. a3
Kd7 21. h3 h5 22. Bf4 Rhg8 23. Ng5 Bf6 24. h4 Rce8 25. f3 Ne7 26. g3 Nc6 27.
Re2 Re7 28. Rf1 Rge8 29. Nh7 Bh8 30. Bg5 Kd6 31. Bxe7+ Rxe7 32. Ng5 Ne5 33. f4
Nxd3+ 34. cxd3 Bf6 35. Nxe6 fxe6 36. b4 Kd7 37. Kb2 Re8 38. a4 b6 39. b5 a5 40.
Kb3 1/2-1/2

[Event "Plzen, FSB A"]
[Site "?"]
[Date "2004.??.??"]
[Round "7.11"]
[White "Toman, Jar"]
[Black "Bensch, P."]
[Result "1/2-1/2"]
[WhiteElo "2145"]
[BlackElo "2288"]
[PlyCount "58"]
[EventDate "2004.??.??"]
[Source "ChessBase"]
[SourceDate "1996.11.15"]

1. e4 c5 2. Nf3 Nc6 3. d4 cxd4 4. Nxd4 Nf6 5. Nc3 e5 6. Ndb5 d6 7. Bg5 a6 8.
Na3 b5 9. Bxf6 gxf6 10. Nd5 f5 11. c3 Bg7 12. exf5 Bxf5 13. Nc2 O-O 14. Nce3
Be6 15. Bd3 f5 16. O-O f4 17. Qh5 Rf7 18. Bxh7+ Kf8 19. Bg6 fxe3 20. fxe3 Raa7
21. Rxf7+ Rxf7 22. Bxf7 Bxf7 23. Rf1 Qd7 24. Qg6 Nd8 25. e4 Ne6 26. Qg4 Nc5 27.
Qg6 Ne6 28. Qg4 Nc5 29. Qg6 Ne6 1/2-1/2

[Event "Plzen, FSB A"]
[Site "?"]
[Date "2004.??.??"]
[Round "7.12"]
[White "Ionica, I."]
[Black "Vasicek, M."]
[Result "1-0"]
[WhiteElo "2264"]
[BlackElo "2175"]
[PlyCount "79"]
[EventDate "2004.??.??"]
[Source "ChessBase"]
[SourceDate "1996.11.15"]

1. e4 c5 2. Nf3 d6 3. d4 cxd4 4. Nxd4 Nf6 5. Nc3 g6 6. Be3 Bg7 7. f3 O-O 8. Qd2
Nc6 9. O-O-O d5 10. exd5 Nxd5 11. Nxc6 bxc6 12. Bd4 e5 13. Bc5 Be6 14. Nxd5
cxd5 15. Bxf8 Qxf8 16. Qa5 Rb8 17. Rd3 e4 18. Rb3 d4 19. fxe4 Bxb3 20. axb3 Qe7
21. Bd3 Rb6 22. Rf1 Rf6 23. Rxf6 Bxf6 24. Qd5 Qe5 25. Bc4 Qxd5 26. exd5 Be5 27.
h3 Kf8 28. Kd2 Ke7 29. b4 Bg3 30. Kd3 Kd6 31. Kxd4 Be5+ 32. Kd3 Bxb2 33. Bb3
Ba3 34. c3 f5 35. Kc4 Bc1 36. Kb5 h5 37. c4 Bd2 38. c5+ Kc7 39. d6+ Kd7 40. Bf7
1-0

[Event "Plzen, FSB A"]
[Site "?"]
[Date "2004.??.??"]
[Round "7.13"]
[White "Jenicek, E."]
[Black "Folk, P."]
[Result "0-1"]
[WhiteElo "2021"]
[BlackElo "2245"]
[PlyCount "98"]
[EventDate "2004.??.??"]
[Source "ChessBase"]
[SourceDate "1996.11.15"]

1. Nf3 Nf6 2. c4 g6 3. Nc3 Bg7 4. e4 d6 5. d4 O-O 6. Be2 e5 7. O-O Nc6 8. d5
Ne7 9. Ne1 Nd7 10. Be3 f5 11. f3 f4 12. Bf2 g5 13. a4 h5 14. a5 Nf6 15. c5 g4
16. cxd6 cxd6 17. Nb5 g3 18. Bxa7 gxh2+ 19. Kxh2 Ng6 20. Bb6 Ng4+ 21. fxg4 Qh4+
22. Kg1 hxg4 23. Nxd6 f3 24. Nxf3 gxf3 25. Rxf3 Bd7 26. Qe1 Qg5 27. Qg3 Qh6 28.
Nf5 Bxf5 29. Rxf5 Rxf5 30. exf5 Nf4 31. Bb5 Rf8 32. Qg4 Kh8 33. Ra3 Bf6 34. Be3
Rg8 35. Bxf4 exf4 36. Qh3 Bh4 37. Qc3+ Kh7 38. Bd3 Bf6 39. Qc5 f3 40. Bf1 Qf4
41. Rd3 Be5 42. Rxf3 Bd4+ 43. Kh1 Qh6+ 44. Rh3 Qxh3+ 45. gxh3 Bxc5 46. Bc4 Rf8
47. a6 bxa6 48. Bxa6 Kg7 49. Kg2 Kf6 0-1

[Event "Plzen, FSB A"]
[Site "?"]
[Date "2004.??.??"]
[Round "7.14"]
[White "Studnicka, T."]
[Black "Reitinger, P."]
[Result "1/2-1/2"]
[WhiteElo "2302"]
[BlackElo "2090"]
[PlyCount "120"]
[EventDate "2004.??.??"]
[Source "ChessBase"]
[SourceDate "1996.11.15"]

1. c4 e6 2. Nc3 d5 3. d4 dxc4 4. e4 c6 5. Bxc4 b5 6. Bb3 b4 7. Nce2 Nf6 8. Ng3
Be7 9. N1e2 O-O 10. O-O Ba6 11. e5 Nd5 12. f4 f5 13. exf6 Bxf6 14. f5 exf5 15.
Rxf5 g6 16. Rf3 Kh8 17. Bh6 Bg7 18. Bxg7+ Kxg7 19. Rxf8 Qxf8 20. Rc1 Qe7 21.
Qd2 Bb7 22. Bxd5 cxd5 23. Nf4 Nc6 24. Re1 Qf7 25. Rf1 Qd7 26. Qf2 Kg8 27. Nd3
Re8 28. Ne2 Qe7 29. Nef4 Qf7 30. Nc5 Bc8 31. h3 Kh8 32. Qd2 a5 33. Nfe6 Qe7 34.
Ng5 Rf8 35. Nf3 Qf6 36. Qe3 Kg7 37. Re1 Qf4 38. Nd3 Qg3 39. Nfe5 Qxe3+ 40. Rxe3
Nxd4 41. Nc5 Re8 42. Ng4 Rxe3 43. Nxe3 Ne6 44. Nb3 d4 45. Nc4 a4 46. Nbd2 Nc5
47. Ne5 b3 48. axb3 Nxb3 49. Nxb3 axb3 50. Nf3 d3 51. Kf2 Kf6 52. Ke3 Ba6 53.
Nd2 Bb7 54. g3 g5 55. Nxb3 Bg2 56. Kxd3 Bxh3 57. Nd4 Bg2 58. Ke3 h5 59. b4 Ke5
60. b5 h4 1/2-1/2

[Event "Plzen, FSB A"]
[Site "?"]
[Date "2004.??.??"]
[Round "7.15"]
[White "Rehorek, M."]
[Black "Jaros, M."]
[Result "1-0"]
[WhiteElo "2300"]
[BlackElo "2169"]
[PlyCount "59"]
[EventDate "2004.??.??"]
[Source "ChessBase"]
[SourceDate "1996.11.15"]

1. Nf3 Nf6 2. c4 g6 3. g3 Bg7 4. Bg2 O-O 5. O-O d6 6. Nc3 Nc6 7. d3 e5 8. Rb1
Re8 9. e4 Rf8 10. b4 Ne8 11. b5 Ne7 12. d4 exd4 13. Nxd4 f5 14. Bg5 h6 15. Bxe7
Qxe7 16. exf5 Qe5 17. Nce2 gxf5 18. Nf3 Qe7 19. Nf4 Qf7 20. Nh4 Nf6 21. Re1 Re8
22. Rxe8+ Qxe8 23. Qd3 Qe5 24. Nhg6 Qc5 25. Re1 Kh7 26. Re7 Ng4 27. Qe2 Ne5 28.
Nf8+ Kg8 29. Bd5+ Kh8 30. Rxg7 1-0

[Event "Plzen, FSB A"]
[Site "?"]
[Date "2004.??.??"]
[Round "7.16"]
[White "Zawadzka, J."]
[Black "Hlavac, R."]
[Result "1/2-1/2"]
[WhiteElo "2272"]
[BlackElo "2165"]
[PlyCount "107"]
[EventDate "2004.??.??"]
[Source "ChessBase"]
[SourceDate "1996.11.15"]

1. e4 c5 2. Nf3 Nc6 3. d4 cxd4 4. Nxd4 Nf6 5. Nc3 e5 6. Ndb5 d6 7. Bg5 a6 8.
Na3 b5 9. Nd5 Be7 10. Bxf6 Bxf6 11. c3 O-O 12. Nc2 Bg5 13. a4 bxa4 14. Rxa4 a5
15. Bc4 Rb8 16. b3 Kh8 17. Nce3 g6 18. Nf1 f5 19. exf5 gxf5 20. Ng3 Bh6 21. Qh5
Qg5 22. Qxg5 Bxg5 23. O-O Bd8 24. Rd1 Bd7 25. Ra2 Be6 26. h3 e4 27. Nb6 Bxc4
28. Nxc4 Rxb3 29. Nxd6 Rxc3 30. Ngxf5 Rd3 31. Rad2 Rxd2 32. Rxd2 Bb6 33. Re2
Nd4 34. Nxd4 Bxd4 35. Nxe4 a4 36. Rd2 Be5 37. Ra2 Rc8 38. f3 Rc4 39. Kf2 Rb4
40. Ke2 Bb2 41. Nc5 a3 42. Nd3 Rb8 43. Kd2 h5 44. Kc2 Rg8 45. g4 hxg4 46. fxg4
Rc8+ 47. Kb1 Rc3 48. Nxb2 axb2 49. h4 Rc4 50. Ra8+ Kg7 51. Ra7+ Kg8 52. g5 Rxh4
53. Kxb2 Rg4 54. Ra5 1/2-1/2

[Event "Plzen, FSB A"]
[Site "?"]
[Date "2004.??.??"]
[Round "7.17"]
[White "Wiesinger, R."]
[Black "Chalus, K."]
[Result "0-1"]
[WhiteElo "2265"]
[BlackElo "2123"]
[PlyCount "120"]
[EventDate "2004.??.??"]
[Source "ChessBase"]
[SourceDate "1996.11.15"]

1. e4 e5 2. Nf3 Nc6 3. Bc4 Bc5 4. d3 Nf6 5. c3 a6 6. Bb3 d6 7. h3 h6 8. Nbd2
O-O 9. O-O Be6 10. Re1 Re8 11. Nf1 d5 12. exd5 Nxd5 13. Nxe5 Bxf2+ 14. Kxf2
Nxe5 15. Kg1 Ng6 16. Ng3 Qh4 17. Qf3 c6 18. d4 Bxh3 19. Rxe8+ Rxe8 20. Bxd5
cxd5 21. gxh3 Qxh3 22. Bf4 Re4 23. Bb8 Nh4 24. Qf2 Qg4 25. Rf1 f6 26. Kh2 Re8
27. Bc7 f5 28. Be5 Rf8 29. Ne2 g5 30. Bg3 Ng6 31. Qf3 Qe4 32. Qxe4 dxe4 33. Bd6
Rf7 34. Ng3 Nh4 35. Nh5 e3 36. Kg3 Ng6 37. Kf3 f4 38. Be5 Nxe5+ 39. dxe5 Re7
40. Nxf4 gxf4 41. Rg1+ Rg7 42. Rd1 Kf8 43. Kxf4 e2 44. Re1 Rf7+ 45. Kg3 Ke7 46.
Rxe2 Ke6 47. Rh2 Rh7 48. Rh5 Kf7 49. Kf4 Kg6 50. Rh2 h5 51. Rg2+ Kf7 52. Kf5 h4
53. Rd2 Ke7 54. Kg6 Rh8 55. Rh2 h3 56. Kf5 Kf7 57. Kg4 Ke6 58. Rxh3 Rxh3 59.
Kxh3 Kxe5 60. Kg4 Ke4 0-1

[Event "Plzen, FSB A"]
[Site "?"]
[Date "2004.??.??"]
[Round "7.18"]
[White "Zeleny, T."]
[Black "Toman, Jan"]
[Result "1-0"]
[WhiteElo "2254"]
[BlackElo "2103"]
[PlyCount "55"]
[EventDate "2004.??.??"]
[Source "ChessBase"]
[SourceDate "1996.11.15"]

1. e4 c5 2. Nf3 Nc6 3. Nc3 d6 4. Bb5 Nf6 5. O-O g6 6. Bxc6+ bxc6 7. d3 Bg7 8.
Nd2 O-O 9. f4 Rb8 10. Nf3 Qc7 11. Qe1 Rd8 12. Qh4 Rb7 13. Rb1 Qb8 14. b3 a5 15.
Bd2 Re8 16. Kh1 Bd7 17. Rbe1 Ra7 18. f5 Rb7 19. Ng5 Bc8 20. Re3 e6 21. fxg6
fxg6 22. Ref3 Rf8 23. e5 Nh5 24. Rxf8+ Bxf8 25. g4 h6 26. gxh5 hxg5 27. Qxg5 d5
28. h6 1-0

[Event "Plzen, FSB A"]
[Site "?"]
[Date "2004.??.??"]
[Round "7.19"]
[White "Simunek, A."]
[Black "Jenicek, M."]
[Result "1-0"]
[WhiteElo "2200"]
[BlackElo "2117"]
[PlyCount "73"]
[EventDate "2004.??.??"]
[Source "ChessBase"]
[SourceDate "1996.11.15"]

1. e4 c6 2. d4 d5 3. e5 Bf5 4. Nc3 e6 5. g4 Bg6 6. Nge2 Ne7 7. Nf4 c5 8. h4
cxd4 9. Nb5 Nec6 10. h5 Be4 11. f3 Bxf3 12. Qxf3 Nxe5 13. Qg3 Nbc6 14. Nd3
Nxd3+ 15. Bxd3 e5 16. a4 a6 17. Na3 Bd6 18. O-O O-O 19. Be2 Qb6 20. Kg2 Rad8
21. h6 g6 22. Qh4 f6 23. Rxf6 Be7 24. Bg5 Bxf6 25. Bxf6 Qxb2 26. Rb1 Qxa3 27.
Rxb7 Qd6 28. Rg7+ Kh8 29. Rxg6+ Rxf6 30. Rxf6 Qe7 31. Qf2 Nb4 32. Bd1 Kg8 33.
Qf5 e4 34. Re6 Qf8 35. Qg5+ Kh8 36. Qe5+ Kg8 37. Rf6 1-0